000 00325nam a2200133Ia 4500
005 20260328104343.0
008 260328s9999||||xx |||||||||||||| ||und||
100 _aSanna, Fausto
245 0 _aDesigning Timber Buildings /
_cFausto Sanna
260 _bThe Crowood Press
300 _a208 p.
650 _aMADERA
942 _cBK
999 _c12192
_d12192